Sociálne poistenie v Európskej únii Taliansko

Systém dôchodkového poistenia v Taliansku. Starobné a invalidné poistenie. Pozostalostné dávky. Vdovský a vdovecký dôchodok.

Gespeichert in:
Bibliographische Detailangaben
1. Verfasser: Terek, Adrián
Format: Buchkapitel
Sprache:Slowakisch
Schlagworte:
Tags: Tag hinzufügen
Keine Tags, Fügen Sie das erste Tag hinzu!

MARC

LEADER 00000naa$a2200000$$$4500
001 0086092
005 20230925075017.1
041 0 |a slo 
044 |a SK 
245 1 0 |a Sociálne poistenie v Európskej únii  |b Taliansko  |c Adrián Terek 
520 |a Systém dôchodkového poistenia v Taliansku. Starobné a invalidné poistenie. Pozostalostné dávky. Vdovský a vdovecký dôchodok. 
610 2 0 |a poistenie sociálne 
610 2 0 |a poistenie dôchodkové 
610 2 0 |a poistenie starobné 
610 2 0 |a poistenie invalidné 
610 2 0 |a dávky poistenia sociálneho 
610 2 0 |a Taliansko 
100 1 |a Terek, Adrián